000 01162nam a2200205Ii 4500
003 JO-AjNU
008 230605s9999||||xx |||||||||||||| ||und||
017 _a2018/11/5695
040 _aJO-AjNU
_bara
_erda
_cJO-AjNU
041 _aara
050 1 4 _aDS154.53.W37 2018
100 3 _aعبدالله بن الحسين ملك الاردن، 1921-1951؛ إشراف محمد عدنان البخيت؛ جمع وإعداد هند غسان أبو الشعر؛ المتابعة والتنسيق باسل غازي الجغامين,
_eauthor
_958842
245 0 0 _aالوثائق الهاشمية: أوراق عبدالله بن الحسين:الموازنات العمومية في عهد إمارة شرقي الاردن(1926-1940)مج25، القسم الاول
264 3 1 _aالجامعة الاردنية: مركز الوثائق والمخطوطات ودراسات بلاد الشام، 2018
300 _aمج25، القسم الاول: 516ص
336 _atext
_btxt
_2rdacontent
337 _aunmediated
_bn
_2rdamedia
338 _avolume
_bnc
_2rdacarrier
650 4 _aالاردن - تاريخ - عبدالله بن الحسين الاول - وثائق
_958843
999 _aA26449
_c30017
_d30017